Statistiques concernant Photo de Musiciens

Cliquez ici pour prendre le quiz!

Statistiques générales

  • Ce quiz a été pris 74 fois
  • Le résultat moyen est 6 sur 15

Statistiques - réponses

Réponse% Correct
Clara Luciani
67%
Dua Lipa
65%
Sheila
59%
Patricia Kaas
58%
Tina Turner
56%
Chris Brown
41%
Andrea Bocelli
39%
A$AP Rocky
36%
Steven Tyler
29%
Moby
26%
Dave Grohl
24%
Johnny Cash
24%
Billy Joel
14%
Little Richard
12%
Kygo
6%

Distribution des résultats

Percentile par nombre de réponses

% des personnes avec chaque résultat

Votre développement - résultats

Vous n’avez pas pris ce quiz